| 000 | 00908cad a22002055a 4500 | ||
|---|---|---|---|
| 001 | L154697 | ||
| 008 | 120113e20120109xxk f 000 0 eng d | ||
| 035 | _a(Sirsi) u154697 | ||
| 041 | 0 | _aeng | |
| 110 | 2 |
_aMarkit _95915 |
|
| 245 | 0 | 0 |
_aActivity stabilises in December, while new orders increase total activity _h[electronic resource] |
| 260 | _c2012 | ||
| 490 |
_aUlster Bank Construction PMI Report News Release _v9 January 2012 |
||
| 520 | _aTotal activity at Irish construction firms fell only marginally during December and new orders rose, suggesting a stabilisation of the sector at the end of 2011 in the Republic of Ireland. | ||
| 590 | _aKA | ||
| 651 | 4 |
_aIreland (Republic of) _y |
|
| 690 |
_aConstruction management _96230 |
||
| 856 | 4 | 0 |
_uhttps://www.markiteconomics.com/MarkitFiles/Pages/ViewPressRelease.aspx?ID=9034 _zView this item free of charge at www.markiteconomics.com |
| 942 | _n0 | ||
| 999 |
_c113112 _d113112 |
||